वीरों के वीर : (Record no. 117645)

MARC details
000 -LEADER
fixed length control field 01272nam a22002657a 4500
005 - DATE AND TIME OF LATEST TRANSACTION
control field 20170124103059.0
010 ## - LIBRARY OF CONGRESS CONTROL NUMBER
LC control number A-982203
020 ## - INTERNATIONAL STANDARD BOOK NUMBER
Terms of availability 150.00
International Standard Book Number 8173152853
035 ## - SYSTEM CONTROL NUMBER
System control number A-982203
037 ## - SOURCE OF ACQUISITION
Source of stock number/acquisition Cen Lib/Ret
040 ## - CATALOGING SOURCE
Original cataloging agency DPL
Language of cataloging HN
082 ## - DEWEY DECIMAL CLASSIFICATION NUMBER
Classification number 920
Item number रेड्डी
100 ## - MAIN ENTRY--PERSONAL NAME
Personal name रेड्डी, किटटू
9 (RLIN) 76025
245 ## - TITLE STATEMENT
Title वीरों के वीर :
Statement of responsibility, etc किटटू रेड्डी
Remainder of title भारतीय सेना के बहादुर जवान /
246 ## - VARYING FORM OF TITLE
Title proper/short title Veeron ke veer : bhartiye sena ke bahadur javan /
Remainder of title by Kittu Reddy
260 ## - PUBLICATION, DISTRIBUTION, ETC. (IMPRINT)
Place of publication, distribution, etc नई दिल्ली
Name of publisher, distributor, etc प्रभात प्रकाशन
Date of publication, distribution, etc 1999
270 ## - ADDRESS
Address 4/19 आसफ अली रोड
City नई दिल्ली
Postal code 110002
300 ## - PHYSICAL DESCRIPTION
Extent 138पृ. :
Dimensions 20सेमी(सजिल्द)
Other physical details सचित्र
500 ## - GENERAL NOTE
General note अनुक्रमाणिका शामिल
650 ## - SUBJECT ADDED ENTRY--TOPICAL TERM
Topical term or geographic name as entry element हिन्दी साहित्य
9 (RLIN) 76027
650 ## - SUBJECT ADDED ENTRY--TOPICAL TERM
Topical term or geographic name as entry element हिन्दी -- जीवनियाँ - परमवीर चक्र विजेता
9 (RLIN) 76028
650 ## - SUBJECT ADDED ENTRY--TOPICAL TERM
Topical term or geographic name as entry element Hindi literature
9 (RLIN) 76030
650 ## - SUBJECT ADDED ENTRY--TOPICAL TERM
Topical term or geographic name as entry element Hindi - Biographies - Param Vir Chakra winner
9 (RLIN) 76033
942 ## - ADDED ENTRY ELEMENTS (KOHA)
Source of classification or shelving scheme Dewey Decimal Classification
Koha item type Hindi Books
Classification part 920
Call number suffix रेड्डी
Holdings
Withdrawn status Lost status Damaged status Not for loan Home library Current library Date acquired Source of acquisition Cost, normal purchase price Total Checkouts Full call number Barcode Date last seen Copy number Cost, replacement price Price effective from Koha item type
        Central Library Central Library 07/09/2015 Cen Lib/Ret 150.00   920 रेड्डी A-982203 07/09/2015 1 150.00 07/09/2015 Hindi Books

© Delhi Public Library
Hit Counter
free hit counter